Statistics for 2012-13 Premier League Teams

Click here to take the quiz!

General Stats

  • This quiz has been taken 725 times
    (692 since last reset)
  • The average score is 18 of 20

Answer Stats

Answer % Correct
Manchester City
99%
Manchester United
99%
Arsenal
98%
Chelsea
97%
Liverpool
95%
Everton
95%
Tottenham Hotspur
92%
Newcastle United
92%
Aston Villa
92%
West Ham United
91%
Sunderland
90%
West Bromwich Albion
88%
Fulham
87%
Queens Park Rangers
87%
Swansea City
86%
Stoke City
86%
Norwich City
85%
Southampton
83%
Wigan Athletic
81%
Reading
77%

Score Distribution

Percentile by Number Answered

Percent of People with Each Score

Your Score History

You have not taken this quiz since the last reset